The bone season (Record no. 4715)

MARC details
000 -CABECERA
campo de control de longitud fija 01676cam a2200325 i 4500
001 - NÚMERO DE CONTROL
campo de control 991026811534507026
003 - IDENTIFICADOR DEL NÚMERO DE CONTROL
campo de control UkOxU
005 - FECHA Y HORA DE LA ÚLTIMA TRANSACCIÓN
campo de control 20250616075303.0
008 - DATOS DE LONGITUD FIJA--INFORMACIÓN GENERAL
campo de control de longitud fija 231108s2023 enkab e 000 1 eng|d
020 ## - NÚMERO INTERNACIONAL ESTÁNDAR DEL LIBRO
Número Internacional Estándar del Libro 9781526664754
Información calificativa paperback
035 ## - NÚMERO DE CONTROL DEL SISTEMA
Número de control de sistema (OCoLC)1407834185
035 ## - NÚMERO DE CONTROL DEL SISTEMA
Número de control de sistema (OCoLC)on1407834185
040 ## - FUENTE DE LA CATALOGACIÓN
Centro catalogador/agencia de origen AU@
Lengua de catalogación eng
Normas de descripción rda
Centro/agencia transcriptor AU@
Centro/agencia modificador OCLCF
-- OCLCO
-- OCLCQ
-- UkOxU
041 ## - CÓDIGO DE LENGUA
Código de lengua del texto/banda sonora o título independiente eng
100 ## - ENTRADA PRINCIPAL--NOMBRE DE PERSONA
Nombre de persona Shannon, Samantha
Fechas asociadas al nombre 1991-
Término indicativo de función/relación author.
245 14 - MENCIÓN DE TÍTULO
Título The bone season
Resto del título : author's preferred text
Mención de responsabilidad, etc. / Samantha Shannon.
250 ## - MENCIÓN DE EDICIÓN
Mención de edición Fully revised with new material.
250 ## - MENCIÓN DE EDICIÓN
Mención de edición Anniversary edition.
264 #1 - PRODUCCIÓN, PUBLICACIÓN, DISTRIBUCIÓN, FABRICACIÓN Y COPYRIGHT
Producción, publicación, distribución, fabricación y copyright London :
Nombre del de productor, editor, distribuidor, fabricante Bloomsbury Publishing,
Fecha de producción, publicación, distribución, fabricación o copyright 2023.
300 ## - DESCRIPCIÓN FÍSICA
Extensión x, 599 pages :
Otras características físicas illustrations, maps ;
Dimensiones 20 cm.
490 ## - MENCIÓN DE SERIE
Mención de serie Bone season novel ;
Designación de volumen o secuencia 1
500 ## - NOTA GENERAL
Nota general Fully revised with new material.
500 ## - NOTA GENERAL
Nota general Originally published: 2013.
520 ## - SUMARIO, ETC.
Sumario, etc. The year is 2059. For two centuries, the Republic of Scion has led an oppressive campaign against unnaturalness in Europe. In London, Paige Mahoney holds a high rank in the criminal underworld. The right hand of the ruthless White Binder, Paige is a dreamwalker, a rare and formidable kind of clairvoyant. Under Scion law, she commits treason simply by breathing. When Paige is arrested for murder, she meets the mysterious founders of Scion, who have designs on her uncommon abilities. If she is to survive and escape, Paige must use every skill at her disposal - and put her trust in someone who ought to be her enemy.
650 #0 - PUNTO DE ACCESO ADICIONAL DE MATERIA--TÉRMINO DE MATERIA
Término de materia o nombre geográfico como elemento de entrada Young women
Subdivisión de forma Fiction.
9 (RLIN) 24099
650 #0 - PUNTO DE ACCESO ADICIONAL DE MATERIA--TÉRMINO DE MATERIA
Término de materia o nombre geográfico como elemento de entrada Clairvoyants
Subdivisión de forma Fiction.
651 #0 - PUNTO DE ACCESO ADICIONAL DE MATERIA--NOMBRE GEOGRÁFICO
Nombre geográfico London (England)
Subdivisión de forma Fiction.
9 (RLIN) 24106
655 #7 - TÉRMINO DE INDIZACIÓN--GÉNERO/FORMA
Datos o término principal de género/forma Fantasy fiction
9 (RLIN) 22510
942 ## - ELEMENTOS DE ENTRADA AGREGADA (KOHA)
Fuente del sistema de clasificación o colocación Clasificación de Library of Congress
Holdings
Estado de retiro Estado de pérdida Fuente del sistema de clasificación o colocación Estado dañado No para préstamo Biblioteca de origen Biblioteca actual Fecha de adquisición Total de préstamos Signatura topográfica completa Código de barras Fecha visto por última vez Número de copia Precio válido a partir de Tipo de ítem Koha
    Clasificación de Library of Congress     TBS Barcelona TBS Barcelona 12/06/2025   P-EN SHA B07540 12/06/2025 1 12/06/2025 Book

Powered by Koha